Calidad de la leche y mejoramiento de la producción (Record no. 69701)
[ view plain ]
| 000 -CABECERA | |
|---|---|
| campo de control de longitud fija | 00871nam a22002657a 4500 |
| 005 - FECHA Y HORA DE LA ÚLTIMA TRANSACCIÓN | |
| campo de control | 20220329141529.0 |
| 008 - DATOS DE LONGITUD FIJA--INFORMACIÓN GENERAL | |
| campo de control de longitud fija | 971013s1988 r 00010 d |
| 010 ## - NÚMERO DE CONTROL DE LA BIBLIOTECA DEL CONGRESO | |
| Número de control de LC | 69701 |
| 011 ## - ENLACE DEL NUMERO DE CONTROL DE LA BIBLIOTECA DEL CONGRESO [OBSOLETO] | |
| Número de control de LC | 70673 |
| 035 ## - NÚMERO DE CONTROL DEL SISTEMA | |
| Número de control de sistema | 80191 |
| 082 ## - NÚMERO DE LA CLASIFICACIÓN DECIMAL DEWEY | |
| Número de clasificación | 637.1 |
| Número de documento/Ítem | D3y |
| 100 00 - ENTRADA PRINCIPAL--NOMBRE DE PERSONA | |
| Nombre de persona | Dahl, John C. |
| 9 (RLIN) | 30893 |
| 245 ## - MENCIÓN DE TÍTULO | |
| Título | Calidad de la leche y mejoramiento de la producción |
| 260 ## - PUBLICACIÓN, DISTRIBUCIÓN, ETC. | |
| Lugar de publicación, distribución, etc. | Madison, Wis. : |
| Nombre del editor, distribuidor, etc. | Dairy Equipment Co., |
| Fecha de publicación, distribución, etc. | 1988 |
| 300 ## - DESCRIPCIÓN FÍSICA | |
| Extensión | 180 p |
| 590 ## - NOTA LOCAL (RLIN) | |
| Nota local | BATCH-UPD |
| Procedencia (VM) [OBSOLETO] | 10 |
| Condición del los carretes individuales (VM) [OBSOLETO] | 20130110 |
| -- | UCH01 |
| -- | 1959 |
| 590 ## - NOTA LOCAL (RLIN) | |
| Nota local | BATCH-UPD |
| Procedencia (VM) [OBSOLETO] | 10 |
| Condición del los carretes individuales (VM) [OBSOLETO] | 20130410 |
| -- | UCH01 |
| -- | 1319 |
| 590 ## - NOTA LOCAL (RLIN) | |
| Nota local | BATCH-UPD |
| Procedencia (VM) [OBSOLETO] | 10 |
| Condición del los carretes individuales (VM) [OBSOLETO] | 20130914 |
| -- | UCH01 |
| -- | 1139 |
| 590 ## - NOTA LOCAL (RLIN) | |
| Nota local | CONVERSION |
| Procedencia (VM) [OBSOLETO] | 10 |
| Condición del los carretes individuales (VM) [OBSOLETO] | 20130109 |
| -- | UCH01 |
| -- | 1338 |
| 650 14 - PUNTO DE ACCESO ADICIONAL DE MATERIA--TÉRMINO DE MATERIA | |
| Término de materia o nombre geográfico como elemento de entrada | Leche |
| Subdivisión general | Calidad. |
| 9 (RLIN) | 65362 |
| 650 14 - PUNTO DE ACCESO ADICIONAL DE MATERIA--TÉRMINO DE MATERIA | |
| Término de materia o nombre geográfico como elemento de entrada | Leche |
| Subdivisión general | Producción. |
| 9 (RLIN) | 65400 |
| 901 ## - ELEMENTOS DE DATOS A LOCAL LDA (RLIN) | |
| a | BK |
| 949 ## - PROCESAMIENTO DE INFORMACIÓN LOCAL (OCLC) | |
| a | 637.1 D3y |
| b | Z |
| c | LIBRO |
| d | -33091 |
| e | LIBRO |
| h | 1524 |
| i | 80191 |
| s | i |
| 949 ## - PROCESAMIENTO DE INFORMACIÓN LOCAL (OCLC) | |
| a | 637.1 D3y |
| b | Z |
| c | LIBRO |
| d | -98255 |
| e | LIBRO |
| f | c.2 |
| h | 1525 |
| i | 80191 |
| s | i |
No items available.
